Planet Saturn - Statistics

General Stats
  • This quiz has been taken 29 times
  • The average score is 8 of 10
Answer Stats
Question Answer % Correct
Which Saturn's moon hides a global ocean of liquid salty water beneath its crust? Enceladus
100%
What type of planet is Saturn? Gas giant
100%
What is Saturn's largest moon? Titan
100%
What does it rain on Saturn? Diamonds
80%
What shape is the storm above Saturn's north pole? Hexagon
80%
Is Saturn the most distant planet that can be seen with the naked eye? Yes
80%
How are the Saturn's rings named? A, B, C, D ...
60%
Who discovered Saturn's moon Titan and first noted that Saturn had rings? Christian Huygens
60%
What is the main component of Saturn's famous rings? Ice
60%
What was the first space probe to visit Saturn and bring us close up pictures in 1979? Pioneer 11
40%
No matching quizzes found
Score Distribution
Percent of People with Each Score
Percentile by Number Answered
Your Score History
You have not taken this quiz